Name all Aim High contestants - Statistics

General Stats
  • This quiz has been taken 8 times
  • The average score is 21 of 25
Answer Stats
Nationality Answer % Correct
Japanese-Tibet Choden
100%
Korean-British Hermione
100%
Korean-American Huh Ryujin
100%
Korean-British Joo Haerin
100%
Korean-Australian Jung Miu
100%
Slovenian Kang Unu
100%
Japanese Konon
100%
Korean Kwak Jimin
100%
Vietnamese-Australian Noh Hyewon
100%
Korean Rhee Sarang
100%
New Zealander Choi Jiwoo
75%
Korean Cho Yubin
75%
Taiwanese-Canadian Courtney
75%
Japanese-Korean Haruka
75%
Korean-Swedish Jang Umji
75%
Korean Kang Jeongeun
75%
Korean Kang Juwon
75%
Japanese-Filipino Kokomi
75%
Japanese Kuina
75%
Korean Lee Seohee
75%
Korean Miko
75%
Icelandic Nora
75%
Japanese Risa
75%
Korean Choi Sooha
50%
Korean Yoon Yew
50%
No matching quizzes found
Score Distribution
Percent of People with Each Score
Percentile by Number Answered
Your Score History
You have not taken this quiz